| 000 | 00916cam a22002895a 4500 | ||
|---|---|---|---|
| 999 |
_c12184 _d12184 |
||
| 001 | 2222122 | ||
| 003 | EG-ScBUE | ||
| 005 | 20200108122736.0 | ||
| 008 | 751113r19911962enk f 000 0 eng d | ||
| 020 | _a0582523095 | ||
| 020 | _a9780582523098 | ||
| 040 |
_aDLC _beng _erda _cDLC _dDLC _dEG-ScBUE |
||
| 082 | 0 | 4 |
_a808.042 _bALE _222 |
| 100 | 1 |
_aAlexander, L. G. _q(Louis George) _eauthor. _97497 |
|
| 245 | 1 | 0 |
_aSixty steps to précis : _ba new approach to summary-writing for overseas students / _cL. G. Alexander. |
| 250 | _3Twenty-fourth impression. | ||
| 264 | 1 |
_aHarlow, England : _bLongman Group, _c1991. |
|
| 300 |
_avi.136 pages ; _c19 cm |
||
| 336 |
_2rdacontent _atext _btxt |
||
| 337 |
_2rdamedia _aunmediated _bn |
||
| 338 |
_2rdacarrier _avolume _bnc |
||
| 590 | _arana gobara | ||
| 650 | 7 |
_aAbstracting. _2BUEsh _97498 |
|
| 653 |
_bHHUUEENN _cJuly2019 |
||
| 655 | _vReading book | ||
| 942 |
_2ddc _cBB |
||